| 000 | 00502nam a2200169Ia 4500 | ||
|---|---|---|---|
| 005 | 20250923145754.0 | ||
| 008 | 008 250917s9999 xx 000 0 eng d | ||
| 037 | _aTextual | ||
| 040 |
_aDSWL _beng _cDSWL |
||
| 041 |
_aeng _2eng |
||
| 084 |
_aY:45n2,N53, N67 _qDSWL |
||
| 245 | 0 |
_aCrime in India, 1965 _cby Ministy of Home Affairs India |
|
| 260 |
_aNew Delhi _bMinistery of Home Affairs _c1967 |
||
| 300 | _a141p. | ||
| 942 |
_cTEXL _hY:45n2,N53, N67 |
||
| 999 |
_c1455501 _d1455501 |
||